100 truyện tình thế giới; T2

Uloženo v:
Podrobná bibliografie
Médium: Kniha
Jazyk:Undetermined
Vydáno: Hà Nội Hội Nhà Văn 2000
Témata:
Tagy: Přidat tag
Žádné tagy, Buďte první, kdo otaguje tento záznam!
Thư viện lưu trữ: Trung tâm Học liệu Trường Đại học Cần Thơ
LEADER 00469nam a2200169Ia 4500
001 CTU_35891
008 210402s9999 xx 000 0 und d
020 |b 60.000đ 
082 |a 808.83 
082 |b Tr527/T2 
245 0 |a 100 truyện tình thế giới; T2 
260 |a Hà Nội 
260 |b Hội Nhà Văn 
260 |c 2000 
650 |a fiction - collections 
904 |i Minh, 000329 
980 |a Trung tâm Học liệu Trường Đại học Cần Thơ